SEC Championship Matchups - Easy Mode - Statistics

General Stats
  • This quiz has been taken 44 times
  • The average score is 64 of 66
Answer Stats
Year Played Team Ranking (If any) % Correct
1992 Alabama 2
100%
1993 Alabama 16
100%
1994 Alabama 3
100%
1996 Alabama 11
100%
1999 Alabama 7
100%
2008 Alabama 1
100%
2009 Alabama 2
100%
2012 Alabama 2
100%
2014 Alabama 1
100%
2015 Alabama 2
100%
2016 Alabama 1
100%
2018 Alabama 1
100%
2020 Alabama 1
100%
2021 Alabama 3
100%
2023 Alabama 8
100%
2002 Georgia 4
100%
2003 Georgia 5
100%
2005 Georgia 13
100%
2011 Georgia 12
100%
2012 Georgia 3
100%
2017 Georgia 6
100%
2018 Georgia 4
100%
2019 Georgia 4
100%
2021 Georgia 1
100%
2022 Georgia 1
100%
2023 Georgia 1
100%
2024 Georgia 5
100%
2024 Texas 2
100%
1992 Florida 12
97%
1993 Florida 9
97%
1994 Florida 6
97%
1995 Florida 2
97%
1996 Florida 4
97%
1999 Florida 5
97%
2000 Florida 7
97%
2006 Florida 4
97%
2008 Florida 2
97%
2009 Florida 1
97%
2015 Florida 18
97%
2016 Florida 15
97%
2020 Florida 11
97%
1995 Arkansas 23
95%
2002 Arkansas 22
95%
2006 Arkansas 8
95%
1997 Auburn 11
95%
2000 Auburn 18
95%
2004 Auburn 3
95%
2010 Auburn 1
95%
2013 Auburn 3
95%
2017 Auburn 4
95%
1997 Tennessee 3
95%
1998 Tennessee 1
95%
2001 Tennessee 2
95%
2004 Tennessee 15
95%
2007 Tennessee 15
95%
2001 LSU 21
92%
2003 LSU 3
92%
2005 LSU 3
92%
2007 LSU 5
92%
2011 LSU 1
92%
2019 LSU 1
92%
2022 LSU 14
92%
2010 South Carolina 19
90%
1998 Mississippi State 23
87%
2013 Missouri 5
85%
2014 Missouri 14
85%
No matching quizzes found
Score Distribution
Percent of People with Each Score
Percentile by Number Answered
Your Score History
You have not taken this quiz